| 000 | 01085nac a22002897a 4500 | ||
|---|---|---|---|
| 001 | BR8201065 | ||
| 003 | BR-BrBNA | ||
| 005 | 20240105115236.0 | ||
| 008 | 230509b bl.|||m| |||| 00| 0 por d | ||
| 040 |
_aBR-BrBNA _bpor _cBiblioteca Nacional de Agricultura |
||
| 072 | _aF25 | ||
| 090 | _a1930 BR8201065 | ||
| 100 | 1 | _aCarvalho, E.J.M. | |
| 100 | 1 | _aSouza, F.R.S. de | |
| 110 | 1 |
_aUnidade de Execucao de Pesquisa de Ambito Estadual de Altamira, PA (Brasil) _910343 |
|
| 245 | 1 | _aAdubacao em pastagens degradadas de capim-coloniao [Panicum maximum; Fertilizante fosfatado; Brasil] | |
| 246 | 1 | _a[Fertilization in degraded pastures of Panicum maximum [Phosphated fertilizer; Brazil]] | |
| 260 | 3 |
_aAltamira, PA (Brasil): _c1981. |
|
| 300 | _a4 p. | ||
| 490 |
_aPesquisa em Andamento - Unidade de Execucao de Pesquisa de Ambito Estadual de Altamira (Brazil) _vno. 3 _x |
||
| 650 | _aFertilidade do solo | ||
| 650 | _aCapim coloniao | ||
| 650 | _aFertilizante fosfatado | ||
| 650 | _aAdubacao | ||
| 909 |
_a202312 _bLúcia Elande _c55 _dLúcia Elande |
||
| 942 |
_2AGRIS _n0 _cMS |
||
| 999 |
_c273836 _d273836 |
||